[Event "Top 12 2021"]
[Site "Chalons en Champagne, France"]
[Date "2021.06.26"]
[Round "3.39"]
[White "Debray, Christopher GRA"]
[Black "Da Silva, Quentin VIL"]
[Result "1/2-1/2"]
[WhiteElo "2367"]
[BlackElo "2164"]

1. d4 {[%clk 01:30:58]} Nf6 {[%clk 01:30:48]} {[%emt 00:00:12]} 2. c4 {[%clk
01:31:25]} {[%emt 00:00:04]} g6 {[%clk 01:30:58]} {[%emt 00:00:20]} 3. Nc3
{[%clk 01:31:47]} {[%emt 00:00:08]} Bg7 {[%clk 01:31:19]} {[%emt 00:00:09]} 4.
Nf3 {[%clk 01:32:11]} {[%emt 00:00:05]} O-O {[%clk 01:31:21]} {[%emt 00:00:28]}
5. g3 {[%clk 01:32:39]} {[%emt 00:00:02]} d6 {[%clk 01:31:16]} {[%emt
00:00:35]} 6. Bg2 {[%clk 01:33:07]} {[%emt 00:00:02]} Na6 {[%clk 01:24:51]}
{[%emt 00:06:56]} 7. O-O {[%clk 01:33:29]} {[%emt 00:00:08]} c5 {[%clk
01:25:00]} {[%emt 00:00:22]} 8. h3 {[%clk 01:28:07]} {[%emt 00:05:51]} Bd7
{[%clk 01:12:02]} {[%emt 00:13:28]} 9. b3 {[%clk 01:21:55]} {[%emt 00:06:43]}
Rb8 {[%clk 01:09:45]} {[%emt 00:02:47]} 10. Be3 {[%clk 01:19:41]} {[%emt
00:02:43]} cxd4 {[%clk 01:00:47]} {[%emt 00:09:28]} 11. Nxd4 {[%clk 01:19:49]}
{[%emt 00:00:22]} Nc7 {[%clk 00:56:51]} {[%emt 00:04:26]} 12. Rc1 {[%clk
01:19:26]} {[%emt 00:00:52]} a6 {[%clk 00:54:49]} {[%emt 00:02:33]} 13. b4
{[%clk 01:12:39]} {[%emt 00:07:17]} b5 {[%clk 00:47:04]} {[%emt 00:08:14]} 14.
cxb5 {[%clk 01:11:07]} {[%emt 00:02:02]} Nxb5 {[%clk 00:44:17]} {[%emt
00:03:17]} 15. Ncxb5 {[%clk 01:07:40]} {[%emt 00:03:57]} axb5 {[%clk 00:41:55]}
{[%emt 00:02:52]} 16. Nc6 {[%clk 01:07:41]} {[%emt 00:00:30]} Bxc6 {[%clk
00:42:16]} {[%emt 00:00:09]} 17. Bxc6 {[%clk 01:07:27]} {[%emt 00:00:43]} Qc8
{[%clk 00:39:34]} {[%emt 00:03:12]} 18. Bg2 {[%clk 00:46:56]} {[%emt 00:21:01]}
Qd7 {[%clk 00:36:14]} {[%emt 00:03:50]} 19. Qd3 {[%clk 00:45:43]} {[%emt
00:01:42]} Rfc8 {[%clk 00:33:47]} {[%emt 00:02:57]} 20. Rxc8+ {[%clk 00:44:42]}
{[%emt 00:01:31]} Rxc8 {[%clk 00:34:04]} {[%emt 00:00:14]} 21. Rc1 {[%clk
00:44:41]} {[%emt 00:00:31]} Rxc1+ {[%clk 00:34:09]} {[%emt 00:00:25]} 22. Bxc1
{[%clk 00:45:09]} {[%emt 00:00:02]} d5 {[%clk 00:25:39]} {[%emt 00:09:00]} 23.
Bb2 {[%clk 00:39:38]} {[%emt 00:06:01]} e6 {[%clk 00:19:58]} {[%emt 00:06:11]}
24. Bxf6 {[%clk 00:30:52]} {[%emt 00:09:16]} Bxf6 {[%clk 00:20:17]} {[%emt
00:00:11]} 25. e4 {[%clk 00:31:04]} {[%emt 00:00:18]} d4 {[%clk 00:13:50]}
{[%emt 00:06:58]} 26. Bf1 {[%clk 00:30:57]} {[%emt 00:00:36]} Qa7 {[%clk
00:10:13]} {[%emt 00:04:07]} 27. Qxb5 {[%clk 00:26:56]} {[%emt 00:04:31]} Qxa2
{[%clk 00:09:21]} {[%emt 00:01:22]} 28. Qb8+ {[%clk 00:20:30]} {[%emt
00:06:56]} Kg7 {[%clk 00:09:35]} {[%emt 00:00:16]} 29. b5 {[%clk 00:19:12]}
{[%emt 00:01:49]} Qb1 {[%clk 00:01:48]} {[%emt 00:08:16]} 30. e5 {[%clk
00:17:07]} {[%emt 00:02:35]} Be7 {[%clk 00:01:10]} {[%emt 00:01:08]} 31. Qc7
{[%clk 00:17:04]} {[%emt 00:00:33]} Bb4 {[%clk 00:00:40]} {[%emt 00:01:00]} 32.
Qd8 {[%clk 00:12:57]} {[%emt 00:04:37]} d3 {[%clk 00:00:35]} {[%emt 00:00:35]}
33. Qxd3 {[%clk 00:11:25]} {[%emt 00:02:01]} Qxd3 {[%clk 00:01:00]} {[%emt
00:00:05]} 34. Bxd3 {[%clk 00:11:51]} {[%emt 00:00:04]} Bc5 {[%clk 00:00:59]}
{[%emt 00:00:31]} 35. Kg2 {[%clk 00:11:42]} {[%emt 00:00:38]} f6 {[%clk
00:01:16]} {[%emt 00:00:14]} 36. exf6+ {[%clk 00:11:22]} {[%emt 00:00:51]} Kxf6
{[%clk 00:01:41]} {[%emt 00:00:06]} 37. f4 {[%clk 00:09:00]} {[%emt 00:02:51]}
e5 {[%clk 00:00:58]} {[%emt 00:01:13]} 38. Kf3 {[%clk 00:09:22]} {[%emt
00:00:09]} exf4 {[%clk 00:01:11]} {[%emt 00:00:17]} 39. Kxf4 {[%clk 00:07:34]}
{[%emt 00:02:18]} Bd6+ {[%clk 00:01:30]} {[%emt 00:00:11]} 40. Kf3 {[%clk
00:37:56]} {[%emt 00:00:07]} Bc7 {[%clk 00:31:14]} {[%emt 00:00:47]} 41. g4
{[%clk 00:37:35]} {[%emt 00:00:51]} Kg5 {[%clk 00:26:29]} {[%emt 00:05:14]} 42.
Bc4 {[%clk 00:34:02]} {[%emt 00:04:02]} h5 {[%clk 00:18:29]} {[%emt 00:08:30]}
43. Bf7 {[%clk 00:34:05]} {[%emt 00:00:27]} hxg4+ {[%clk 00:12:32]} {[%emt
00:06:28]} 44. hxg4 {[%clk 00:34:33]} {[%emt 00:00:01]} Kf6 {[%clk 00:12:40]}
{[%emt 00:00:22]} 45. Be8 {[%clk 00:34:53]} {[%emt 00:00:10]} g5 {[%clk
00:12:40]} {[%emt 00:00:30]} 46. Ke4 {[%clk 00:35:14]} {[%emt 00:00:09]} Ke6
{[%clk 00:11:42]} {[%emt 00:01:28]} 47. Bg6 {[%clk 00:35:32]} {[%emt 00:00:12]}
Bb6 {[%clk 00:11:15]} {[%emt 00:00:57]} 48. Bh7 {[%clk 00:35:56]} {[%emt
00:00:06]} Kd6 {[%clk 00:10:42]} {[%emt 00:01:04]} 49. Kf5 {[%clk 00:36:05]}
{[%emt 00:00:21]} Kc5 {[%clk 00:09:40]} {[%emt 00:01:32]} 1/2-1/2

[Event "Top 12 2021"]
[Site "Chalons en Champagne, France"]
[Date "2021.06.26"]
[Round "3.40"]
[White "Eid, Maha VIL"]
[Black "Janzelj, Lara GRA"]
[Result "0-1"]
[WhiteElo "2023"]
[BlackElo "2185"]

1. d4 {[%clk 01:30:58]} {[%emt 00:00:01]} Nf6 {[%clk 01:30:53]} {[%emt
00:00:08]} 2. Nf3 {[%clk 01:31:13]} {[%emt 00:00:15]} e6 {[%clk 01:31:15]}
{[%emt 00:00:08]} 3. Bf4 {[%clk 01:31:05]} {[%emt 00:00:38]} b6 {[%clk
01:30:53]} {[%emt 00:00:52]} 4. e3 {[%clk 01:31:13]} {[%emt 00:00:21]} Bb7
{[%clk 01:30:43]} {[%emt 00:00:40]} 5. Nbd2 {[%clk 01:30:39]} {[%emt 00:01:05]}
Be7 {[%clk 01:30:43]} {[%emt 00:00:30]} 6. Bd3 {[%clk 01:30:39]} {[%emt
00:00:30]} c5 {[%clk 01:27:16]} {[%emt 00:03:57]} 7. c3 {[%clk 01:30:57]}
{[%emt 00:00:12]} O-O {[%clk 01:26:02]} {[%emt 00:01:45]} 8. O-O {[%clk
01:26:10]} {[%emt 00:05:17]} cxd4 {[%clk 01:22:04]} {[%emt 00:04:28]} 9. cxd4
{[%clk 01:26:03]} {[%emt 00:00:36]} d6 {[%clk 01:20:26]} {[%emt 00:02:08]} 10.
Qe2 {[%clk 01:22:03]} {[%emt 00:04:29]} Nh5 {[%clk 01:09:09]} {[%emt 00:11:49]}
11. Bg3 {[%clk 01:21:31]} {[%emt 00:01:02]} Nxg3 {[%clk 01:09:03]} {[%emt
00:00:36]} 12. hxg3 {[%clk 01:21:53]} {[%emt 00:00:08]} a6 {[%clk 01:07:57]}
{[%emt 00:01:35]} 13. e4 {[%clk 01:19:51]} {[%emt 00:02:31]} Nd7 {[%clk
01:07:26]} {[%emt 00:01:02]} 14. Rac1 {[%clk 01:10:29]} {[%emt 00:09:53]} e5
{[%clk 01:03:03]} {[%emt 00:04:52]} 15. Rfd1 {[%clk 01:08:32]} {[%emt
00:02:26]} Qb8 {[%clk 01:01:09]} {[%emt 00:02:25]} 16. Nc4 {[%clk 01:00:20]}
{[%emt 00:08:42]} Rd8 {[%clk 00:53:43]} {[%emt 00:07:56]} 17. Ne3 {[%clk
00:45:31]} {[%emt 00:15:20]} Bf8 {[%clk 00:50:49]} {[%emt 00:03:24]} 18. Bc4
{[%clk 00:32:01]} {[%emt 00:13:59]} h6 {[%clk 00:42:32]} {[%emt 00:08:48]} 19.
Nf5 {[%clk 00:24:42]} {[%emt 00:07:49]} exd4 {[%clk 00:34:30]} {[%emt
00:08:33]} 20. Rxd4 {[%clk 00:21:58]} {[%emt 00:03:14]} Nc5 {[%clk 00:31:34]}
{[%emt 00:03:26]} 21. N3h4 {[%clk 00:19:09]} {[%emt 00:03:18]} Qc7 {[%clk
00:23:48]} {[%emt 00:08:16]} 22. Qg4 {[%clk 00:13:33]} {[%emt 00:06:06]} Kh8
{[%clk 00:24:05]} {[%emt 00:00:14]} 23. Qh5 {[%clk 00:10:50]} {[%emt 00:03:13]}
Rd7 {[%clk 00:14:29]} {[%emt 00:10:06]} 24. Bxf7 {[%clk 00:05:46]} {[%emt
00:05:32]} Rxf7 {[%clk 00:14:06]} {[%emt 00:00:54]} 25. b4 {[%clk 00:06:10]}
{[%emt 00:00:06]} Rf6 {[%clk 00:13:46]} {[%emt 00:00:50]} 26. bxc5 {[%clk
00:04:33]} {[%emt 00:02:07]} dxc5 {[%emt 00:01:57]} 27. Ng6+ {[%clk 00:04:21]}
{[%emt 00:00:31]} Kh7 {[%clk 00:12:46]} {[%emt 00:00:14]} 28. Nfh4 {[%clk
00:02:41]} {[%emt 00:02:09]} Qf7 {[%clk 00:11:36]} {[%emt 00:01:41]} 29. Nxf8+
{[%clk 00:02:34]} {[%emt 00:00:38]} Rxf8 {[%clk 00:12:02]} {[%emt 00:00:04]} 30.
Qxf7 {[%clk 00:02:38]} {[%emt 00:00:26]} R8xf7 {[%clk 00:12:24]} {[%emt
00:00:07]} 31. Rdc4 {[%clk 00:01:42]} {[%emt 00:01:26]} Rxf2 {[%clk 00:12:29]}
{[%emt 00:00:26]} 32. a4 {[%clk 00:02:03]} {[%emt 00:00:08]} Ra2 {[%clk
00:10:39]} {[%emt 00:02:19]} 33. Nf5 {[%clk 00:02:07]} {[%emt 00:00:27]} Rd7
{[%clk 00:10:35]} {[%emt 00:00:34]} 34. Ne3 {[%clk 00:01:36]} {[%emt 00:01:01]}
Rd3 {[%clk 00:10:16]} {[%emt 00:00:48]} 35. Re1 {[%clk 00:01:31]} {[%emt
00:00:35]} Rd4 {[%clk 00:09:20]} {[%emt 00:01:27]} 36. e5 {[%clk 00:00:58]}
{[%emt 00:01:03]} Rxa4 {[%clk 00:03:39]} {[%emt 00:06:10]} 37. Rxa4 {[%clk
00:00:39]} {[%emt 00:00:49]} Rxa4 {[%clk 00:04:08]} {[%emt 00:00:01]} 38. e6
{[%clk 00:00:49]} {[%emt 00:00:19]} Re4 {[%clk 00:04:28]} {[%emt 00:00:10]} 0-1

[Event "Top 12 2021"]
[Site "Chalons en Champagne, France"]
[Date "2021.06.26"]
[Round "3.41"]
[White "Van Foreest, Jorden CLI"]
[Black "Duboue, Peio ERD"]
[Result "1-0"]
[WhiteElo "2701"]
[BlackElo "2412"]

1. e4 {[%clk 01:30:56]} {[%emt 00:00:03]} d6 {[%clk 01:30:55]} {[%emt
00:00:05]} 2. d4 {[%clk 01:31:21]} {[%emt 00:00:06]} Nf6 {[%clk 01:31:22]}
{[%emt 00:00:03]} 3. Nc3 {[%clk 01:31:29]} {[%emt 00:00:22]} e5 {[%clk
01:31:47]} {[%emt 00:00:04]} 4. dxe5 {[%clk 01:31:16]} {[%emt 00:00:43]} dxe5
{[%clk 01:32:12]} {[%emt 00:00:06]} 5. Qxd8+ {[%clk 01:31:41]} {[%emt
00:00:05]} Kxd8 {[%clk 01:32:38]} {[%emt 00:00:04]} 6. Bc4 {[%clk 01:32:07]}
{[%emt 00:00:03]} Ke8 {[%clk 01:32:36]} {[%emt 00:00:32]} 7. f4 {[%clk
01:32:31]} {[%emt 00:00:07]} Bb4 {[%clk 01:29:02]} {[%emt 00:04:04]} 8. Bd3
{[%clk 01:32:54]} {[%emt 00:00:07]} Nbd7 {[%clk 01:27:47]} {[%emt 00:01:45]} 9.
Nf3 {[%clk 01:32:57]} {[%emt 00:00:27]} Nc5 {[%clk 01:24:41]} {[%emt 00:03:36]}
10. O-O {[%clk 01:30:02]} {[%emt 00:03:25]} exf4 {[%clk 01:13:36]} {[%emt
00:11:35]} 11. Bxf4 {[%clk 01:28:32]} {[%emt 00:02:00]} c6 {[%clk 01:10:35]}
{[%emt 00:03:31]} 12. a3 {[%clk 01:21:50]} {[%emt 00:07:13]} Bxc3 {[%clk
01:01:18]} {[%emt 00:09:48]} 13. bxc3 {[%clk 01:22:12]} {[%emt 00:00:07]} Be6
{[%clk 01:00:57]} {[%emt 00:00:51]} 14. Rae1 {[%clk 01:16:25]} {[%emt
00:06:16]} Rd8 {[%clk 00:55:38]} {[%emt 00:05:49]} 15. Nd4 {[%clk 01:16:00]}
{[%emt 00:00:55]} h6 {[%clk 00:45:28]} {[%emt 00:10:40]} 16. Rf3 {[%clk
01:09:11]} {[%emt 00:07:19]} Ke7 {[%clk 00:37:02]} {[%emt 00:08:55]} 17. h3
{[%clk 01:03:06]} {[%emt 00:06:35]} Rhe8 {[%clk 00:27:50]} {[%emt 00:09:42]} 18.
Be3 {[%clk 00:59:54]} {[%emt 00:03:42]} Nfd7 {[%clk 00:27:08]} {[%emt
00:01:13]} 19. Bf4 {[%clk 00:49:16]} {[%emt 00:11:07]} Kf8 {[%clk 00:23:55]}
{[%emt 00:03:42]} 20. Ref1 {[%clk 00:47:53]} {[%emt 00:01:54]} Kg8 {[%clk
00:23:44]} {[%emt 00:00:42]} 21. Bc7 {[%clk 00:44:04]} {[%emt 00:04:18]} Rc8
{[%clk 00:23:00]} {[%emt 00:01:14]} 22. Bd6 {[%clk 00:44:29]} {[%emt 00:00:05]}
f6 {[%clk 00:21:29]} {[%emt 00:02:01]} 23. Nxe6 {[%clk 00:43:09]} {[%emt
00:01:49]} Nxe6 {[%clk 00:19:52]} {[%emt 00:02:08]} 24. Rf5 {[%clk 00:43:19]}
{[%emt 00:00:19]} Ng5 {[%clk 00:18:29]} {[%emt 00:01:54]} 25. Ra5 {[%clk
00:39:00]} {[%emt 00:04:48]} Nxe4 {[%clk 00:16:35]} {[%emt 00:02:24]} 26. Bxe4
{[%clk 00:39:05]} {[%emt 00:00:25]} Rxe4 {[%clk 00:17:02]} {[%emt 00:00:03]} 27.
Rxa7 {[%clk 00:39:31]} {[%emt 00:00:04]} Re6 {[%clk 00:16:35]} {[%emt
00:00:57]} 28. Rd1 {[%clk 00:39:15]} {[%emt 00:00:46]} Ne5 {[%clk 00:14:56]}
{[%emt 00:02:10]} 29. Rxb7 {[%clk 00:35:33]} {[%emt 00:04:11]} Rd8 {[%clk
00:14:11]} {[%emt 00:01:16]} 30. Rb8 {[%clk 00:35:56]} {[%emt 00:00:06]} Rxb8
{[%clk 00:14:34]} {[%emt 00:00:08]} 31. Bxb8 {[%clk 00:36:21]} {[%emt
00:00:05]} Nc4 {[%clk 00:14:48]} {[%emt 00:00:16]} 32. a4 {[%clk 00:36:22]}
{[%emt 00:00:29]} Re2 {[%clk 00:14:13]} {[%emt 00:01:04]} 33. Ra1 {[%clk
00:35:10]} {[%emt 00:01:42]} Rxc2 {[%clk 00:14:01]} {[%emt 00:00:43]} 34. a5
{[%clk 00:34:54]} {[%emt 00:00:46]} Nxa5 {[%clk 00:14:09]} {[%emt 00:00:23]} 35.
Rxa5 {[%clk 00:35:17]} {[%emt 00:00:07]} Rxc3 {[%clk 00:14:36]} {[%emt
00:00:03]} 36. Bd6 {[%clk 00:34:05]} {[%emt 00:01:41]} Rd3 {[%clk 00:14:31]}
{[%emt 00:00:35]} 37. Ra8+ {[%clk 00:33:52]} {[%emt 00:00:44]} Kf7 {[%clk
00:13:14]} {[%emt 00:01:47]} 38. Ra7+ {[%clk 00:34:13]} {[%emt 00:00:08]} Kg8
{[%clk 00:13:38]} {[%emt 00:00:06]} 39. Bc5 {[%clk 00:34:29]} {[%emt 00:00:14]}
Rc3 {[%clk 00:12:45]} {[%emt 00:01:23]} 40. Bd6 {[%clk 01:04:05]} {[%emt
00:00:54]} c5 {[%clk 00:38:23]} {[%emt 00:04:53]} 41. Rc7 {[%clk 01:04:24]}
{[%emt 00:00:10]} c4 {[%clk 00:38:05]} {[%emt 00:00:48]} 42. Kf2 {[%clk
01:04:14]} {[%emt 00:00:41]} h5 {[%clk 00:32:16]} {[%emt 00:06:19]} 43. Bb4
{[%clk 00:59:26]} {[%emt 00:05:18]} Rc2+ {[%clk 00:32:30]} {[%emt 00:00:16]} 44.
Kf3 {[%clk 00:59:48]} {[%emt 00:00:08]} h4 {[%clk 00:31:25]} {[%emt 00:01:35]}
45. Bc5 {[%clk 00:54:36]} {[%emt 00:05:42]} Rc3+ {[%clk 00:27:46]} {[%emt
00:04:09]} 46. Be3 {[%clk 00:54:29]} {[%emt 00:00:36]} Rc2 {[%clk 00:27:40]}
{[%emt 00:00:36]} 47. Bd4 {[%clk 00:52:10]} {[%emt 00:02:49]} Kf8 {[%clk
00:27:18]} {[%emt 00:00:52]} 48. Rc8+ {[%clk 00:50:57]} {[%emt 00:01:42]} Kf7
{[%clk 00:27:24]} {[%emt 00:00:25]} 49. Rh8 {[%clk 00:50:15]} {[%emt 00:01:12]}
Ke6 {[%clk 00:25:42]} {[%emt 00:02:13]} 50. Rxh4 {[%clk 00:49:14]} {[%emt
00:01:30]} Kd5 {[%clk 00:26:09]} {[%emt 00:00:03]} 51. Be3 {[%clk 00:49:16]}
{[%emt 00:00:28]} g5 {[%clk 00:21:15]} {[%emt 00:05:24]} 52. Rd4+ {[%clk
00:49:36]} {[%emt 00:00:10]} Ke6 {[%clk 00:21:43]} {[%emt 00:00:03]} 53. Rd8
{[%clk 00:48:47]} {[%emt 00:01:19]} Ke7 {[%clk 00:22:00]} {[%emt 00:00:14]} 54.
Ra8 {[%clk 00:48:22]} {[%emt 00:00:54]} Ke6 {[%clk 00:21:31]} {[%emt 00:00:59]}
55. Ra6+ {[%clk 00:48:36]} {[%emt 00:00:16]} Ke5 {[%clk 00:21:58]} {[%emt
00:00:04]} 56. Ra5+ {[%clk 00:48:59]} {[%emt 00:00:06]} Ke6 {[%clk 00:21:40]}
{[%emt 00:00:48]} 57. Bd4 {[%clk 00:49:13]} {[%emt 00:00:15]} Rd2 {[%clk
00:21:26]} {[%emt 00:00:43]} 58. Ra6+ {[%clk 00:49:25]} {[%emt 00:00:18]} Kd5
{[%clk 00:21:36]} {[%emt 00:00:20]} 59. Bxf6 {[%clk 00:49:18]} {[%emt
00:00:37]} c3 {[%clk 00:22:00]} {[%emt 00:00:06]} 60. Bxg5 {[%clk 00:49:20]}
{[%emt 00:00:28]} Rd3+ {[%clk 00:22:18]} {[%emt 00:00:12]} 61. Be3 {[%clk
00:48:46]} {[%emt 00:01:03]} c2 {[%clk 00:22:40]} {[%emt 00:00:08]} 62. Ra1
{[%clk 00:49:05]} {[%emt 00:00:12]} Kc4 {[%clk 00:22:38]} {[%emt 00:00:33]} 63.
Ke2 {[%clk 00:49:20]} {[%emt 00:00:14]} Rd7 {[%clk 00:22:57]} {[%emt 00:00:11]}
64. g4 {[%clk 00:49:06]} {[%emt 00:00:45]} Rb7 {[%clk 00:22:25]} {[%emt
00:01:02]} 65. Rg1 {[%clk 00:48:56]} {[%emt 00:00:39]} Kd5 {[%emt 00:01:12]} 66.
Ke1 {[%emt 00:00:02]} 1-0

[Event "Top 12 2021"]
[Site "Chalons en Champagne, France"]
[Date "2021.06.26"]
[Round "3.42"]
[White "Eugene, Floryan ERD"]
[Black "Vocaturo, Daniele CLI"]
[Result "0-1"]
[WhiteElo "2343"]
[BlackElo "2617"]

1. e4 {[%clk 01:30:56]} {[%emt 00:00:02]} c5 {[%clk 01:30:37]} {[%emt
00:00:23]} 2. Nf3 {[%clk 01:31:20]} {[%emt 00:00:07]} d6 {[%clk 01:30:50]}
{[%emt 00:00:16]} 3. d4 {[%clk 01:31:35]} {[%emt 00:00:16]} cxd4 {[%clk
01:31:05]} {[%emt 00:00:15]} 4. Nxd4 {[%clk 01:32:00]} {[%emt 00:00:05]} Nf6
{[%clk 01:31:15]} {[%emt 00:00:20]} 5. Nc3 {[%clk 01:32:24]} {[%emt 00:00:06]}
a6 {[%clk 01:31:25]} {[%emt 00:00:19]} 6. Be3 {[%clk 01:29:07]} {[%emt
00:03:47]} e5 {[%clk 01:31:25]} {[%emt 00:00:30]} 7. Nb3 {[%clk 01:29:33]}
{[%emt 00:00:05]} Be6 {[%clk 01:31:18]} {[%emt 00:00:36]} 8. h3 {[%clk
01:29:34]} {[%emt 00:00:29]} Nbd7 {[%clk 01:30:33]} {[%emt 00:01:15]} 9. f4
{[%clk 01:24:08]} {[%emt 00:05:56]} Rc8 {[%clk 01:28:05]} {[%emt 00:02:57]} 10.
Qf3 {[%clk 01:16:00]} {[%emt 00:08:39]} exf4 {[%clk 01:23:10]} {[%emt
00:05:25]} 11. Bxf4 {[%clk 01:16:09]} {[%emt 00:00:21]} Ne5 {[%clk 01:23:22]}
{[%emt 00:00:18]} 12. Qe3 {[%clk 01:15:40]} {[%emt 00:00:59]} Qc7 {[%clk
01:07:37]} {[%emt 00:16:15]} 13. O-O-O {[%clk 01:03:43]} {[%emt 00:12:28]} b5
{[%clk 01:06:36]} {[%emt 00:01:31]} 14. a3 {[%clk 01:02:27]} {[%emt 00:01:46]}
Be7 {[%clk 01:05:27]} {[%emt 00:01:38]} 15. g4 {[%clk 00:59:58]} {[%emt
00:03:00]} O-O {[%clk 01:04:12]} {[%emt 00:01:44]} 16. Rh2 {[%clk 00:38:47]}
{[%emt 00:21:41]} Qb7 {[%clk 01:00:23]} {[%emt 00:04:18]} 17. Nd5 {[%clk
00:28:05]} {[%emt 00:11:13]} Nxd5 {[%clk 00:51:12]} {[%emt 00:09:41]} 18. exd5
{[%clk 00:28:20]} {[%emt 00:00:15]} Bxd5 {[%clk 00:50:03]} {[%emt 00:01:39]} 19.
Rhd2 {[%clk 00:13:51]} {[%emt 00:14:59]} Bf3 {[%clk 00:43:18]} {[%emt
00:07:15]} 20. Re1 {[%clk 00:13:55]} {[%emt 00:00:27]} Bh4 {[%clk 00:40:20]}
{[%emt 00:03:27]} 21. Rxd6 {[%clk 00:13:35]} {[%emt 00:00:50]} Bxe1 {[%clk
00:39:52]} {[%emt 00:00:57]} 22. Bxe5 {[%clk 00:09:06]} {[%emt 00:04:59]} Qe4
{[%clk 00:38:08]} {[%emt 00:02:14]} 23. Qxe4 {[%clk 00:09:10]} {[%emt
00:00:26]} Bxe4 {[%clk 00:38:32]} {[%emt 00:00:05]} 24. c3 {[%clk 00:07:36]}
{[%emt 00:02:04]} Rfe8 {[%clk 00:37:03]} {[%emt 00:01:59]} 25. Bf4 {[%clk
00:05:57]} {[%emt 00:02:09]} Bxc3 {[%clk 00:35:25]} {[%emt 00:02:08]} 26. bxc3
{[%clk 00:04:18]} {[%emt 00:02:09]} Rxc3+ {[%clk 00:35:47]} {[%emt 00:00:08]}
27. Kd2 {[%clk 00:03:28]} {[%emt 00:01:20]} Rxb3 {[%clk 00:35:36]} {[%emt
00:00:40]} 28. Rxa6 {[%clk 00:03:51]} {[%emt 00:00:08]} Rc8 {[%clk 00:31:24]}
{[%emt 00:04:41]} 0-1